000 00964nac a22002651u 4500
010 _a 2002023856
020 _a033521049X
020 _a0335210481 (pbk.)
035 _a(DLC) 2002023856
035 _a(DLC)1408
082 0 0 _a371.9046
_bBEN
090 _c7219
_d7219
100 _aBenjamin, Shereen,
245 1 4 _aThe micro/politics of inclusive education :
_ban ethnography /
_cShereen Benjamin.
260 _aBuckingham ;
_aPhiladelphia :
_bOpen University Press,2002
_c2002.
300 _a158p. ;
_c22 cm.
440 0 _aInclusive education
500 _adistributer: Al-Ahram
504 _aIncludes bibliographical references (p. ) and index.
511 _acatalogued by: wessam
650 0 _aInclusive education
_zGreat Britain
_vCase studies.
650 0 _aEducational sociology
_zGreat Britain
_vCase studies.
650 0 _aFeminism and education
_zGreat Britain
_vCase studies.
942 _cBB
_k371.9046BEN
999 _c7219
_d7219